Us. (ft. Taylor Swift) Lyrics- Gracie Abrams - Statistics

General Stats
  • This quiz has been taken 103 times
  • The average score is 264 of 309
Answer Stats
Answer % Correct
a
100%
I
100%
It
100%
it
100%
an
99%
And
99%
and
99%
like
99%
Like
99%
the
99%
The
99%
you
99%
You
99%
be
97%
Do
97%
do
97%
felt
97%
us
97%
in
96%
so
96%
So
96%
up
96%
we're
96%
were
96%
was
94%
your
94%
know
93%
miss
93%
of
93%
on
93%
see
93%
what
93%
if
91%
just
91%
me
91%
you'll
91%
somethin'
90%
talkin'
90%
held
88%
my
88%
always
87%
end
86%
history's
84%
how
84%
clear
83%
mine
83%
night
83%
secret
83%
That
83%
You're
83%
joke
81%
old
81%
Babylon
80%
false
80%
lovers
80%
ashes
78%
never
78%
ruins
78%
They
78%
through
78%
doin'
77%
flame
77%
hangin'
77%
hell
77%
now
77%
smoke
77%
10
75%
ends
75%
her
75%
or
75%
profits
75%
prophets
75%
regret
75%
when
75%
Bly
74%
past
74%
read
74%
watchin'
74%
can
72%
from
72%
months
72%
poetry
72%
seemed
72%
show
72%
someone
72%
Wonder
72%
curse
71%
flames
71%
ghost
71%
miracle
71%
Shame
71%
could've
70%
fate
70%
gave
70%
Give
70%
ironic
70%
years
70%
learned
68%
nightstand
68%
29
67%
make
67%
margins
67%
oracle
67%
sonnets
67%
don't
65%
Robert
65%
souls
65%
talking
65%
bleedin'
64%
vine
64%
calls
62%
fuck
62%
missed
62%
play
62%
She'll
61%
becomes
58%
chemical
58%
cold
58%
open
58%
Gifts
57%
holy
57%
lifetimes
57%
for
55%
home
55%
plus
55%
incomparable
52%
mind
49%
hearse
48%
sometimes
48%
Did
46%
way
46%
pain
43%
strangers
43%
best
42%
Mistaken
42%
outline
42%
well
42%
kind
41%
reign
39%
lines
29%
No matching quizzes found
Score Distribution
Percent of People with Each Score
Percentile by Number Answered
Your Score History
You have not taken this quiz